000 00687nam a2200229Ia 4500
003 IN-BaIIA
008 211028s9999 xx 000 0 eng d
020 _a0-8247-0398-7
040 _cIIA Library
080 _a621.38
_bDIC
245 0 _aLaser beam shaping
_btheory and techniques
_cedited by F. M. Dickey and S. C. Holswade
260 _aNew York
_bMarcel Dekker
_c2000
300 _axi, 428p.
490 _aOptical Engineering
650 _aBeam Shaping
_927247
650 _aDiffraction Theory
_927248
650 _aGeometrical Methods
_927249
650 _aLaser Shaping
_927250
700 _aDickey, F. M., ed.
_927251
700 _aHolswade, S. C., ed.
_927252
942 _cBK
999 _c15021
_d15021